Doing God a service without his will. (Record no. 2062)

000 -LEADER
fixed length control field 00529nam a2200169 a 4500
001 - CONTROL NUMBER
control field :::00019023$&:&@@
003 - CONTROL NUMBER IDENTIFIER
control field OkBaRHE
005 - DATE AND TIME OF LATEST TRANSACTION
control field 20100327143437.0
008 - FIXED-LENGTH DATA ELEMENTS--GENERAL INFORMATION
fixed length control field s1967 j 000 0 eng u
040 ## - CATALOGING SOURCE
Transcribing agency
100 1# - MAIN ENTRY--PERSONAL NAME
Personal name Branham, William Marrion (1909-1965)
245 10 - TITLE STATEMENT
Title Doing God a service without his will.
260 ## - PUBLICATION, DISTRIBUTION, ETC. (IMPRINT)
Place of publication, distribution, etc Tuscon, Arizona
Name of publisher, distributor, etc Spoken Word Publication
Date of publication, distribution, etc 1967
300 ## - PHYSICAL DESCRIPTION
Extent 44 p.
942 ## - ADDED ENTRY ELEMENTS (KOHA)
Source of classification or shelving scheme
Koha item type Books
Copies
Koha item type Source of classification or shelving scheme Date last seen Collection code Lost status Barcode Shelving location Damaged status Copy number Withdrawn status Price effective from Permanent Location Date acquired Full call number Not for loan
Books 2018-04-03Reference 19023General Stacks 1 2010-04-14RHEMA Bible Training College2010-04-14BS 2825.4 .B7